Piłkarze OGC Nice - nagła śmierć - Statystyki

Ogólne statystyki
  • Ten quiz został rozwiązany 68 razy
  • Średni wynik to 5 z 10
Answers on the Grid
Answers color-coded by a green-red scale on the quiz's grid according to % correct below.
Marcin Bułka
Antony
Nicolas Pépé
Teemu Pukki
Viktor Gyökeres
Harry Kane
Raphinha
Kasper Dolberg
Kamil Grabara
William Saliba
Rayan Cherki
Justin Kluivert
Karim Adeyemi
Enzo Fernández
João Neves
Ross Barkley
Mario Lemina
Charles De Ketelaere
Allan Saint-Maximin
Teun Koopmeiners
Mario Balotelli
Alassane Pléa
Désiré Doué
Rasmus Højlund
 
Statystyki odpowiedzi
Odpowiedź % Poprawnych
Marcin Bułka
100%
Kasper Dolberg
72%
Nicolas Pépé
68%
Allan Saint-Maximin
50%
Alassane Pléa
48%
Justin Kluivert
42%
Mario Balotelli
42%
Mario Lemina
42%
Ross Barkley
42%
William Saliba
37%
Nie znaleziono quizów pasujących do podanych kryteriów
Rozkład punktacji
Procent ludzi z każdym wynikiem
Percentyl według liczby udzielonych odpowiedzi
Twoja historia wyników
Nie rozwiązałeś tego quizu